Les François célèbres - Photos - Statistiques

Statistiques générales
  • Ce quiz a été pris 261 fois
  • Le résultat moyen est 8 sur 15
Statistiques - réponses
Par images Réponse % Correct
Hollande
96%
Mitterrand
95%
Bayrou
89%
Fillon
85%
Cluzet
80%
Damiens
73%
Berléand
55%
Feldman
46%
Léotard
45%
Baroin
42%
Truffaut
42%
Valéry
32%
Mauriac
20%
Corbier
18%
Rollin
14%
Aucun quiz correspondant
Distribution des résultats
% des personnes avec chaque résultat
Percentile par nombre de réponses
Votre historique - résultats
Vous n’avez pas pris ce quiz